000 01068pam a2200313 a 4500
001 016081639
003 EG-ScBUE
005 20220202105018.0
008 120504r20121908enk f 000 1 eng d
020 _a9780141199825 (pbk.)
040 _aStDuBDS
_beng
_erda
_cStDuBDS
_dUk
_dEG-ScBUE
082 0 4 _a823.912
_222
_bFOR
100 1 _aForster, E. M.
_q(Edward Morgan),
_d1879-1970,
_eauthor.
_933591
245 1 2 _aA room with a view /
_cE. M. Forster.
264 1 _aLondon :
_bPenguin Group,
_c2012.
300 _av, 236 pages ;
_c20 cm.
336 _2rdacontent
_atext
_btxt
337 _2rdamedia
_aunmediated
_bn
338 _2rdacarrier
_avolume
_bnc
490 0 _aPenguin English library
500 _aOriginaly published in 1908
650 7 _aBritish
_xTravel
_zItaly
_zFlorence
_vFiction.
_934087
_2BUEsh
650 7 _aYoung women
_zEngland
_vFiction.
_934088
_2BUEsh
651 7 _aFlorence (Italy)
_vFiction.
_934089
_2BUEsh
653 _cOctober2013
_bHHUUEENN
655 _vReading book
_934232
942 _2ddc
_cBB
999 _c17647
_d17619